| 000 | 00992nmc a2200325 a 4500 | ||
|---|---|---|---|
| 003 | AR-BaBNM | ||
| 005 | 20251128204007.0 | ||
| 008 | 117119s1986 ||||||||||||||000 | spa|| | ||
| 020 | _a950-534-035 | ||
| 040 | _cAR-BaBNM | ||
| 245 | 1 | 0 |
_aCódigo aeronáutico _bcon las modificaciones de la ley 22.390 : normas complementarias |
| 250 | _a4ª ed. | ||
| 260 |
_aBuenos Aires _bA-Z editora _c1986 |
||
| 300 | 1 |
_axliv, 445 p. _btablas |
|
| 490 | 0 | _aCódigos A.Z. | |
| 500 | 0 | _aIndice general p. v-x | |
| 500 | 0 | _aExposición de motivos p. xv-xliv | |
| 500 | 0 | _aIndice Alfabético p. 333-345 | |
| 500 | 0 | _aExiste error de paginación en las últimas hojas. | |
| 650 | 4 | _aDERECHO AEREO | |
| 650 | 4 | _aESPACIO AEREO | |
| 650 | 4 | _aDERECHO INTERNACIONAL PUBLICO | |
| 650 | 4 | _aTRANSPORTE AEREO | |
| 650 | 4 | _aCODIGOS | |
| 650 | 4 | _aLEGISLACION | |
| 700 | 1 |
_aRodríguez Jurado, Agustín _eeditor |
|
| 700 | 1 |
_aSuárez de Arnedo, María Elma _eeditor |
|
| 942 | _cBK | ||
| 998 | _cAndrea | ||
| 999 |
_c5759 _d5759 |
||